[Event "ROM-ch (Women)"]
[Site "Calimanesti Caciulata"]
[Date "2017.03.31"]
[Round "7"]
[White "Sgircea, Silvia Raluca"]
[Black "Bogdan, Elizaveta"]
[Result "1-0"]
[WhiteElo "2276"]
[BlackElo "1763"]
[PlyCount "55"]
[EventDate "2017.03.25"]
[EventType "swiss"]
[EventRounds "9"]
[EventCountry "ROU"]
[SourceTitle "CBM 177 Extra"]
[Source "ChessBase"]
[SourceDate "2017.04.27"]
[SourceVersion "1"]
[SourceVersionDate "2017.04.27"]
[SourceQuality "1"]

1. d4 Nf6 2. Nf3 g6 3. g3 Bg7 4. Bg2 0-0 5. c4 d6 6. 0-0 Nbd7 7. Nc3 c6 8. e4 Qc7 9. h3 e5 10. Be3 Re8 11. d5 Rd8 12. Rc1 Nb6 13. Nd2 Ne8 14. b4 Bd7 15. Qb3 Nc8 16. c5 h6 17. Nc4 b6 18. dxc6 Bxc6 19. b5 Bd7 20. Nd5 Qb8 21. cxb6 axb6 22. Ncxb6 Ra5 23. Nxc8 Rxc8 24. Ne7+ Kf8 25. Nxc8 Bxc8 26. a4 Be6 27. Qb4 Qd8 28. b6 1-0

[Event "ROM-ch (Women)"]
[Site "Calimanesti Caciulata"]
[Date "2017.03.30"]
[Round "6"]
[White "Bogdan, Elizaveta"]
[Black "Cosma, Elena Luminita"]
[Result "1/2-1/2"]
[WhiteElo "1763"]
[BlackElo "2313"]
[PlyCount "104"]
[EventDate "2017.03.25"]
[EventType "swiss"]
[EventRounds "9"]
[EventCountry "ROU"]
[SourceTitle "CBM 177 Extra"]
[Source "ChessBase"]
[SourceDate "2017.04.27"]
[SourceVersion "1"]
[SourceVersionDate "2017.04.27"]
[SourceQuality "1"]

1. Nf3 d5 2. g3 Nf6 3. Bg2 e6 4. 0-0 b6 5. d3 Bb7 6. Nbd2 Nbd7 7. b3 Be7 8. Bb2 0-0 9. Re1 Nc5 10. Ne5 a5 11. e4 dxe4 12. Nxe4 Nfxe4 13. dxe4 Bf6 14. Qe2 Qe7 15. Rab1 Rad8 16. f4 Ba8 17. g4 Nd7 18. Nxd7 Rxd7 19. e5 Qc5+ 20. Kh1 Be7 21. Rbd1 Bxg2+ 22. Qxg2 Rfd8 23. Rxd7 Rxd7 24. f5 Bg5 25. f6 h6 26. Qa8+ Kh7 27. Qe4+ g6 28. c4 Rd2 29. Bc1 Rd4 30. Qa8 Rd7 31. Bxg5 hxg5 32. Qe8 Qf2 33. Qxd7 Qxe1+ 34. Kg2 Qe2+ 35. Kg1 Qxg4+ 36. Kh1 Qe4+ 37. Kg1 Qb1+ 38. Kg2 Qxa2+ 39. Kg1 Qb1+ 40. Kf2 Qf5+ 41. Kg2 Qe4+ 42. Kg1 Kh6 43. Qxf7 Qxe5 44. Qg7+ Kh5 45. Qh7+ Kg4 46. f7 Qd4+ 47. Kg2 Qd2+ 48. Kg1 Qe3+ 49. Kg2 Qf3+ 50. Kg1 e5 51. Qg7 Qd1+ 52. Kg2 Qf3+ 1/2-1/2

[Event "ROM-ch (Women)"]
[Site "Calimanesti"]
[Date "2015.04.26"]
[Round "9"]
[White "Dobre, Ana Margareta Alexa"]
[Black "Bogdan, Elizaveta"]
[Result "1-0"]
[WhiteElo "2005"]
[BlackElo "1770"]
[PlyCount "75"]
[EventDate "2015.04.18"]
[EventType "swiss"]
[EventRounds "9"]
[EventCountry "ROU"]
[SourceTitle "CBM 166 Extra"]
[Source "ChessBase"]
[SourceDate "2015.06.18"]
[SourceVersion "1"]
[SourceVersionDate "2015.06.18"]
[SourceQuality "1"]

1. Nf3 Nf6 2. g3 d5 3. Bg2 g6 4. d3 Bg7 5. Nbd2 c6 6. e4 0-0 7. 0-0 e6 8. Re1 Qb6 9. h3 Nh5 10. Nf1 Nf6 11. e5 Nfd7 12. d4 f6 13. exf6 Nxf6 14. Ng5 Re8 15. c3 Na6 16. Qc2 Bd7 17. Nh2 c5 18. dxc5 Nxc5 19. Be3 Qd6 20. f4 b6 21. Bd4 Rac8 22. Be5 Qf8 23. Rad1 Nh5 24. Nf1 Bxe5 25. Rxe5 Bb5 26. Nxh7 Qg7 27. Ng5 Qf6 28. Ne3 Nxg3 29. Ng4 Qg7 30. b3 Nh5 31. c4 Nxf4 32. cxb5 Nd7 33. Qd2 Nxh3+ 34. Bxh3 Nxe5 35. Qh2 Nxg4 36. Bxg4 Rc3 37. Bxe6+ Kf8 38. Rf1+ 1-0

[Event "ROM-ch (Women)"]
[Site "Calimanesti"]
[Date "2015.04.25"]
[Round "8"]
[White "Bogdan, Elizaveta"]
[Black "Pancu, Aureliana Eugenia"]
[Result "0-1"]
[WhiteElo "1770"]
[BlackElo "1970"]
[PlyCount "140"]
[EventDate "2015.04.18"]
[EventType "swiss"]
[EventRounds "9"]
[EventCountry "ROU"]
[SourceTitle "CBM 166 Extra"]
[Source "ChessBase"]
[SourceDate "2015.06.18"]
[SourceVersion "1"]
[SourceVersionDate "2015.06.18"]
[SourceQuality "1"]

1. Nf3 Nf6 2. g3 g6 3. Bg2 Bg7 4. 0-0 d5 5. d3 0-0 6. Nbd2 c5 7. e4 Nc6 8. exd5 Nxd5 9. Ne4 b6 10. Re1 Bb7 11. Bh3 Nc7 12. a3 Bc8 13. Bg2 Ne6 14. Rb1 Qc7 15. Neg5 Nxg5 16. Nxg5 Bb7 17. Qg4 h6 18. Nh3 Ne5 19. Qf4 Bxg2 20. Kxg2 Qb7+ 21. f3 Nc6 22. Nf2 Nd4 23. c3 Nf5 24. Qe4 Qxe4 25. fxe4 Nd6 26. e5 Nf5 27. e6 fxe6 28. Rxe6 Rf6 29. Re2 Raf8 30. Bf4 g5 31. Bd2 e5 32. Rbe1 Rd6 33. Re4 Rd7 34. b3 Kf7 35. R4e2 Re8 36. Kf1 Kg6 37. Rd1 Ne7 38. Re4 Nc6 39. Ke2 Rf8 40. Be1 Rdf7 41. b4 cxb4 42. axb4 Ne7 43. Ng4 Nc6 44. b5 h5 45. bxc6 hxg4 46. Rxg4 Rc8 47. Bd2 Bf6 48. Rf1 Rxc6 49. c4 Rfc7 50. Bxg5 Kh5 51. Bxf6 Kxg4 52. Bxe5 Re7 53. Rf4+ Kg5 54. Re4 Kg6 55. Kf3 Kf5 56. g4+ Kg6 57. h4 Rf7+ 58. Ke3 Rh7 59. Bg3 a5 60. Re5 Kf6 61. Rf5+ Ke7 62. Rb5 Re6+ 63. Kd4 Kd7 64. g5 Kc6 65. Rf5 a4 66. Kc3 a3 67. Kb3 Re3 68. Bf2 Rxd3+ 69. Ka2 Re7 70. Rf6+ Kd7 0-1

[Event "ROM-ch (Women)"]
[Site "Targu Mures"]
[Date "2014.04.30"]
[Round "5"]
[White "Vasile, Teodora"]
[Black "Bogdan, Elizaveta"]
[Result "1-0"]
[WhiteElo "1965"]
[BlackElo "1792"]
[PlyCount "107"]
[EventDate "2014.04.26"]
[EventType "swiss"]
[EventRounds "9"]
[EventCountry "ROU"]
[SourceTitle "CBM 160 Extra"]
[Source "ChessBase"]
[SourceDate "2014.07.01"]
[SourceVersion "1"]
[SourceVersionDate "2014.07.01"]
[SourceQuality "1"]

1. e4 e5 2. Nf3 Nc6 3. Bb5 a6 4. Ba4 Nf6 5. 0-0 Be7 6. Re1 b5 7. Bb3 d6 8. c3 0-0 9. h3 Nb8 10. d3 h6 11. Nbd2 Nbd7 12. Nf1 Re8 13. Ng3 Nc5 14. Bc2 Bf8 15. d4 Ncd7 16. Nh4 Bb7 17. Bb3 c5 18. d5 c4 19. Bc2 Nxd5 20. Nhf5 Nf4 21. Nxd6 Bxd6 22. Qxd6 Re6 23. Qd1 Nc5 24. Qf3 Ncd3 25. Rd1 Rf6 26. Bxf4 Rxf4 27. Qe3 Qh4 28. Bxd3 cxd3 29. Qxd3 Qe7 30. f3 Rf6 31. Nf5 Qc5+ 32. Qe3 Qc7 33. Rd2 Bc6 34. Rad1 Re6 35. Qc5 Rc8 36. Rd6 Ree8 37. Kh2 Kh7 38. R6d2 Re6 39. Rd6 Ree8 40. Qe3 f6 41. Qc5 Kh8 42. Ne3 Qb7 43. Nd5 Kh7 44. Qe3 Qf7 45. Nb4 Qb7 46. Qf2 a5 47. Nd5 Qb8 48. Ne3 Qa7 49. Qd2 Qc7 50. Nf5 Qa7 51. Qe1 Qc7 52. Qg3 Qf7 53. R6d2 Qc7 54. Rd7 1-0

[Event "ROM-ch (Women)"]
[Site "Baile Olanesti"]
[Date "2013.02.18"]
[Round "3"]
[White "Nastase, Andreea Cristina"]
[Black "Bogdan, Elizaveta"]
[Result "1-0"]
[WhiteElo "1651"]
[BlackElo "1829"]
[PlyCount "57"]
[EventDate "2013.02.16"]
[EventType "swiss"]
[EventRounds "9"]
[EventCountry "ROU"]
[SourceTitle "CBM 153 Extra"]
[Source "ChessBase"]
[SourceDate "2013.04.22"]
[SourceVersion "1"]
[SourceVersionDate "2013.04.22"]
[SourceQuality "1"]

1. d4 Nf6 2. c4 g6 3. Nc3 Bg7 4. e4 d6 5. f3 0-0 6. Bg5 e5 7. dxe5 dxe5 8. Qxd8 Rxd8 9. Nd5 Nxd5 10. Bxd8 Ne3 11. Kd2 Bh6 12. Kc3 c6 13. g4 Nxf1 14. Rxf1 Be6 15. Nh3 Nd7 16. Bg5 Bf8 17. Be3 f6 18. Nf2 a5 19. Rd1 b5 20. cxb5 cxb5 21. Kc2 Rc8+ 22. Kb1 Kf7 23. Rc1 Rd8 24. Rhd1 Bc4 25. Bb6 Rb8 26. Bc7 Rc8 27. Rxd7+ Ke6 28. Rxh7 Bc5 29. b3 1-0

[Event "ROM-ch (Women)"]
[Site "Baile Olanesti"]
[Date "2013.02.16"]
[Round "2"]
[White "Bogdan, Elizaveta"]
[Black "Moldovan, Petruta Alisia"]
[Result "0-1"]
[WhiteElo "1829"]
[BlackElo "1712"]
[PlyCount "82"]
[EventDate "2013.02.16"]
[EventType "swiss"]
[EventRounds "9"]
[EventCountry "ROU"]
[SourceTitle "CBM 153 Extra"]
[Source "ChessBase"]
[SourceDate "2013.04.22"]
[SourceVersion "1"]
[SourceVersionDate "2013.04.22"]
[SourceQuality "1"]

1. Nf3 d5 2. g3 Nf6 3. Bg2 g6 4. d3 Bg7 5. 0-0 c5 6. Nbd2 Nc6 7. e4 e5 8. Re1 0-0 9. exd5 Nxd5 10. Nc4 f6 11. h3 Be6 12. Bd2 Qd7 13. Kh2 Rad8 14. a3 Rfe8 15. Qc1 Qc7 16. Bh6 b5 17. Bxg7 Kxg7 18. Ncd2 Nb6 19. Ne4 Nd4 20. Nxf6 Nxf3+ 21. Bxf3 Kxf6 22. h4 Kg7 23. Qg5 Bd5 24. Bg4 Qe7 25. Re2 Qxg5 26. hxg5 Nd7 27. Rae1 Be6 28. Bf3 Rc8 29. Bb7 Rc7 30. Ba6 b4 31. Bb5 Kf7 32. Rxe5 Nxe5 33. Bxe8+ Kxe8 34. Rxe5 Kd7 35. a4 Kd6 36. Re4 c4 37. Rh4 cxd3 38. cxd3 a5 39. Kg2 Bb3 40. Rd4+ Kc5 41. Re4 Bd5 0-1

[Event "ROM-ch (Women)"]
[Site "Sarata Monteoru"]
[Date "2011.02.12"]
[Round "1"]
[White "Sandu, Mihaela"]
[Black "Bogdan, Elizaveta"]
[Result "1-0"]
[WhiteElo "2213"]
[BlackElo "1834"]
[PlyCount "81"]
[EventDate "2011.02.12"]
[EventType "swiss"]
[EventRounds "9"]
[EventCountry "ROU"]
[SourceTitle "CBM 140 Extra"]
[Source "ChessBase"]
[SourceDate "2011.03.01"]
[SourceVersion "1"]
[SourceVersionDate "2011.03.01"]
[SourceQuality "1"]

1. e4 e5 2. Nc3 Nf6 3. g3 Nc6 4. Bg2 Bc5 5. Nge2 d6 6. Nd5 Ng4 7. 0-0 f5 8. b4 Bxb4 9. c3 Ba5 10. exf5 Bxf5 11. d4 Bb6 12. h3 Nf6 13. g4 Be6 14. Nxb6 axb6 15. d5 Bd7 16. dxc6 bxc6 17. f4 0-0 18. f5 Qe8 19. Ng3 Qf7 20. g5 Nd5 21. Qc2 Ne7 22. f6 gxf6 23. Rxf6 Qc4 24. Rxf8+ Rxf8 25. Qb3 Be6 26. Qxc4 Bxc4 27. Ne4 Nd5 28. a4 Bd3 29. Bd2 Kg7 30. Nf2 Bc4 31. Bf1 Bb3 32. a5 b5 33. Rb1 Ba4 34. c4 Ne7 35. cxb5 cxb5 36. Bxb5 Rb8 37. Bd3 Ra8 38. Bc3 Nc6 39. Rb7 Nxa5 40. Rxc7+ Kf8 41. Rxh7 1-0

[Event "ROM-ch (Women)"]
[Site "Baile Olanesti"]
[Date "2010.02.05"]
[Round "7"]
[White "Morea, Georgiana Steluta"]
[Black "Bogdan, Elizaveta"]
[Result "1/2-1/2"]
[WhiteElo "1810"]
[BlackElo "1952"]
[PlyCount "84"]
[EventDate "2010.01.31"]
[EventType "swiss"]
[EventRounds "9"]
[EventCountry "ROU"]
[SourceTitle "CBM 134 Extra"]
[Source "ChessBase"]
[SourceDate "2010.03.03"]
[SourceVersion "1"]
[SourceVersionDate "2010.03.03"]
[SourceQuality "1"]

1. d4 f5 2. c4 Nf6 3. Nc3 g6 4. Bg5 Bg7 5. Nf3 d6 6. Rc1 0-0 7. Qd2 Ne4 8. Nxe4 fxe4 9. Ng1 Nc6 10. e3 Qe8 11. Ne2 Qf7 12. Nc3 Qf5 13. Bh4 e5 14. d5 Nb4 15. Nb5 Na6 16. b4 g5 17. Bg3 h5 18. h4 g4 19. c5 Qg6 20. a4 Rd8 21. Qb2 Kh7 22. Be2 dxc5 23. 0-0 c6 24. dxc6 bxc6 25. Na3 cxb4 26. Nc4 c5 27. Rfd1 Bb7 28. Na5 Bd5 29. Bxe5 Bf8 30. Bf6 Rd6 31. Qe5 Re8 32. Qg5 Rxf6 33. Rxd5 Qxg5 34. Rxg5 Kh6 35. Bb5 Ree6 36. Nb3 Rg6 37. Rf5 Rgf6 38. Rg5 Rg6 39. Rf5 Ref6 40. Re5 Re6 41. Rf5 Ref6 42. Re5 Re6 1/2-1/2

[Event "ROM-ch (Women)"]
[Site "Baile Olanesti"]
[Date "2010.02.02"]
[Round "4"]
[White "Bogdan, Elizaveta"]
[Black "Bulmaga, Elena"]
[Result "1-0"]
[WhiteElo "1952"]
[BlackElo "1769"]
[PlyCount "95"]
[EventDate "2010.01.31"]
[EventType "swiss"]
[EventRounds "9"]
[EventCountry "ROU"]
[SourceTitle "CBM 134 Extra"]
[Source "ChessBase"]
[SourceDate "2010.03.03"]
[SourceVersion "1"]
[SourceVersionDate "2010.03.03"]
[SourceQuality "1"]

1. Nf3 Nf6 2. b3 d5 3. Bb2 c6 4. e3 Bg4 5. Be2 Nbd7 6. 0-0 e6 7. d4 Bd6 8. Nbd2 0-0 9. h3 Bh5 10. c4 c5 11. Qc2 Bg6 12. Qc3 cxd4 13. exd4 Rc8 14. Qe3 Re8 15. c5 Bb8 16. b4 b6 17. Rfc1 Ne4 18. Nxe4 Bxe4 19. Bd3 Nf6 20. Nd2 Bxd3 21. Qxd3 bxc5 22. dxc5 e5 23. Rd1 Qc7 24. Nf1 d4 25. Ng3 Rcd8 26. Qb3 Qd7 27. Rac1 d3 28. c6 Qd6 29. Nf5 Qe6 30. Qxe6 fxe6 31. Nh6+ gxh6 32. c7 Bxc7 33. Rxc7 Nd5 34. Rxa7 Nxb4 35. Bxe5 Nc6 36. Rg7+ Kh8 37. Bf6 Rf8 38. Rg6+ Rxf6 39. Rxf6 Rd6 40. Rf3 d2 41. Rc3 Nd4 42. Kf1 Nb5 43. Rc2 Ra6 44. Rdxd2 Ra4 45. Rd7 Ra8 46. a4 Na3 47. Rc3 Nb1 48. Rb3 1-0

[Event "ROM-ch (Women)"]
[Site "Baile Olanesti"]
[Date "2010.01.31"]
[Round "1"]
[White "Foisor, Cristina Adela B"]
[Black "Bogdan, Elizaveta"]
[Result "1-0"]
[WhiteElo "2440"]
[BlackElo "1952"]
[PlyCount "65"]
[EventDate "2010.01.31"]
[EventType "swiss"]
[EventRounds "9"]
[EventCountry "ROU"]
[SourceTitle "CBM 134 Extra"]
[Source "ChessBase"]
[SourceDate "2010.03.03"]
[SourceVersion "1"]
[SourceVersionDate "2010.03.03"]
[SourceQuality "1"]

1. d4 Nf6 2. c4 g6 3. Nc3 Bg7 4. g3 d6 5. Bg2 0-0 6. Nf3 Nbd7 7. 0-0 Re8 8. a4 e5 9. e3 c6 10. a5 Qc7 11. Ra2 b6 12. axb6 Nxb6 13. b3 e4 14. Ng5 d5 15. c5 Nbd7 16. f3 h6 17. Nxf7 Kxf7 18. fxe4 Kg8 19. exd5 Bb7 20. d6 Qc8 21. b4 Nf8 22. Qb3+ Qe6 23. Qxe6+ Nxe6 24. b5 Nd8 25. d5 cxb5 26. c6 Bc8 27. Nxb5 Rf8 28. Nd4 Nf7 29. d7 Bxd7 30. cxd7 Nxd7 31. Ne6 Rfe8 32. Nxg7 Kxg7 33. d6 1-0

[Event "Wch U18 Girls"]
[Site "Kemer"]
[Date "2007.11.27"]
[Round "10"]
[White "Safar, Alshaymaa"]
[Black "Bogdan, Elizaveta"]
[Result "0-1"]
[WhiteElo "1545"]
[BlackElo "1861"]
[PlyCount "62"]
[EventDate "2007.11.18"]
[EventType "swiss"]
[EventRounds "11"]
[EventCountry "TUR"]
[SourceTitle "CBM 121 Extra"]
[Source "ChessBase"]
[SourceDate "2008.01.10"]
[SourceVersion "1"]
[SourceVersionDate "2008.01.10"]
[SourceQuality "1"]

1. d4 Nf6 2. Nc3 g6 3. e4 d6 4. f3 Bg7 5. Bg5 Nbd7 6. Qd2 0-0 7. h4 c5 8. d5 Nh5 9. Nge2 Ne5 10. b3 f6 11. Bh6 f5 12. Bxg7 Kxg7 13. Qe3 Qa5 14. Qg5 Rf7 15. 0-0-0 fxe4 16. Nxe4 Qxa2 17. N2g3 Kh8 18. Nc3 Qa1+ 19. Kd2 Qa5 20. Nxh5 Rxf3 21. Bd3 Rf2+ 22. Be2 Bg4 23. Nf4 Rf8 24. Nxg6+ hxg6 25. Rhe1 Rxg2 26. Rf1 Rxe2+ 27. Kc1 Qa1+ 28. Nb1 Nd3+ 29. Rxd3 Rxf1+ 30. Rd1 Rxd1+ 31. Kxd1 Qxb1+ 0-1

[Event "Wch U18 Girls"]
[Site "Kemer"]
[Date "2007.11.20"]
[Round "3"]
[White "Bogdan, Elizaveta"]
[Black "Chierici, Marianna"]
[Result "0-1"]
[WhiteElo "1861"]
[BlackElo "2040"]
[PlyCount "60"]
[EventDate "2007.11.18"]
[EventType "swiss"]
[EventRounds "11"]
[EventCountry "TUR"]
[SourceTitle "CBM 121 Extra"]
[Source "ChessBase"]
[SourceDate "2008.01.10"]
[SourceVersion "1"]
[SourceVersionDate "2008.01.10"]
[SourceQuality "1"]

1. Nf3 Nf6 2. g3 d6 3. Bg2 c6 4. d3 e5 5. 0-0 Be7 6. e4 0-0 7. c3 Qc7 8. Qc2 b5 9. d4 Nbd7 10. Nbd2 Bb7 11. Nh4 g6 12. Ndf3 Rac8 13. Bh6 Rfd8 14. Bg5 Nf8 15. Bh3 Rb8 16. Nd2 b4 17. f4 bxc3 18. bxc3 Ne8 19. Ndf3 f6 20. Bh6 c5 21. dxe5 dxe5 22. fxe5 fxe5 23. Ng5 Nd6 24. Ne6 Nxe6 25. Bxe6+ Kh8 26. Rae1 Bxh4 27. gxh4 Qe7 28. Bb3 Qxh4 29. Qc1 Qg4+ 30. Kh1 Nxe4 0-1

[Event "EU-ch U18 Girls 17th"]
[Site "Sibenik"]
[Date "2007.09.23"]
[Round "9"]
[White "Naydenova, Yordanka"]
[Black "Bogdan, Elizaveta"]
[Result "1-0"]
[WhiteElo "1749"]
[BlackElo "1880"]
[PlyCount "79"]
[EventDate "2007.09.14"]
[EventType "swiss"]
[EventRounds "9"]
[EventCountry "CRO"]
[SourceTitle "CBM 120 Extra"]
[Source "ChessBase"]
[SourceDate "2007.11.01"]
[SourceVersion "1"]
[SourceVersionDate "2007.11.01"]
[SourceQuality "1"]

1. e4 e5 2. Nf3 Nc6 3. d3 h6 4. g3 Nf6 5. Bg2 Bc5 6. c3 0-0 7. 0-0 Bb6 8. Nbd2 d6 9. h3 Ne7 10. Nc4 Ng6 11. Be3 Be6 12. Bxb6 axb6 13. b3 Ne8 14. Ne3 Qc8 15. Kh2 c6 16. d4 Nf6 17. d5 Bd7 18. Nc4 cxd5 19. Nxb6 Qxc3 20. Nxa8 dxe4 21. Nd2 Rxa8 22. Nxe4 Nxe4 23. Bxe4 Qb4 24. Qf3 Rb8 25. Qd3 Ne7 26. Rfd1 d5 27. Bxd5 Nxd5 28. Qxd5 Bc6 29. Qxe5 Re8 30. Qd4 Qb5 31. Rac1 Qf5 32. Rxc6 bxc6 33. Kg2 Re2 34. a4 c5 35. Qf4 Qc2 36. Rd8+ Kh7 37. a5 Qxb3 38. Qf5+ g6 39. Qf6 Qb7+ 40. Kh2 1-0

[Event "EU-ch U18 Girls 17th"]
[Site "Sibenik"]
[Date "2007.09.19"]
[Round "6"]
[White "Bogdan, Elizaveta"]
[Black "Orlyanskaya, Darya"]
[Result "0-1"]
[WhiteElo "1880"]
[BlackElo "2092"]
[PlyCount "50"]
[EventDate "2007.09.14"]
[EventType "swiss"]
[EventRounds "9"]
[EventCountry "CRO"]
[SourceTitle "CBM 120 Extra"]
[Source "ChessBase"]
[SourceDate "2007.11.01"]
[SourceVersion "1"]
[SourceVersionDate "2007.11.01"]
[SourceQuality "1"]

1. Nf3 c5 2. g3 Nc6 3. Bg2 g6 4. d3 Bg7 5. 0-0 d6 6. Nbd2 e5 7. e4 Nge7 8. a4 0-0 9. Nc4 h6 10. Kh1 Be6 11. Nfd2 Qd7 12. f4 exf4 13. Rxf4 d5 14. Ne3 Rad8 15. Ng4 f5 16. exf5 Nxf5 17. Nf1 g5 18. Rf3 Ncd4 19. Rf2 Nxg3+ 20. Nxg3 Bxg4 21. Qg1 Rxf2 22. Qxf2 Rf8 23. Qd2 Nf3 24. Qa5 b6 25. Qb5 Qe6 0-1

[Event "EU-ch U18 Girls 17th"]
[Site "Sibenik"]
[Date "2007.09.16"]
[Round "3"]
[White "Bogdan, Elizaveta"]
[Black "Ivakhinova, Inna"]
[Result "0-1"]
[WhiteElo "1880"]
[BlackElo "2251"]
[PlyCount "58"]
[EventDate "2007.09.14"]
[EventType "swiss"]
[EventRounds "9"]
[EventCountry "CRO"]
[SourceTitle "CBM 120 Extra"]
[Source "ChessBase"]
[SourceDate "2007.11.01"]
[SourceVersion "1"]
[SourceVersionDate "2007.11.01"]
[SourceQuality "1"]

1. Nf3 d5 2. g3 Nf6 3. Bg2 Bg4 4. d3 c6 5. 0-0 Nbd7 6. Re1 e5 7. Nbd2 Bd6 8. c4 0-0 9. Nh4 Re8 10. cxd5 cxd5 11. Nf1 Rc8 12. Ne3 Be6 13. Nef5 Bb4 14. Bd2 Bf8 15. Qa4 Nc5 16. Qd1 Qd7 17. Ne3 d4 18. Nc2 Na4 19. b3 Nc3 20. Qc1 b5 21. Nf3 Bf5 22. Nh4 Nxe2+ 23. Rxe2 Bxd3 24. Re1 Bxc2 25. Qb2 e4 26. Rac1 Bd3 27. Bg5 Bb4 28. Red1 Bc3 29. Qa3 Be2 0-1

[Event "EU-ch U18 Girls 17th"]
[Site "Sibenik"]
[Date "2007.09.14"]
[Round "1"]
[White "Bogdan, Elizaveta"]
[Black "Homiakova, Ekaterina"]
[Result "1-0"]
[WhiteElo "1880"]
[BlackElo "2089"]
[PlyCount "87"]
[EventDate "2007.09.14"]
[EventType "swiss"]
[EventRounds "9"]
[EventCountry "CRO"]
[SourceTitle "CBM 120 Extra"]
[Source "ChessBase"]
[SourceDate "2007.11.01"]
[SourceVersion "1"]
[SourceVersionDate "2007.11.01"]
[SourceQuality "1"]

1. Nf3 c5 2. g3 g6 3. Bg2 Bg7 4. d3 d5 5. 0-0 Nc6 6. Nbd2 e6 7. Re1 Nge7 8. e4 0-0 9. Rb1 Rb8 10. a3 b5 11. exd5 exd5 12. Nb3 Qb6 13. Be3 d4 14. Bf4 Be6 15. Bxb8 Rxb8 16. Nbd2 h6 17. Ne4 c4 18. Re2 Nd5 19. Qe1 Rd8 20. Nh4 Nc7 21. Nd2 Bg4 22. Re4 f5 23. Re6 Nxe6 24. Qxe6+ Kh8 25. Qxc6 Qxc6 26. Bxc6 g5 27. Ng6+ Kh7 28. Ne7 Bf8 29. Re1 cxd3 30. cxd3 Kg7 31. Bxb5 Rb8 32. a4 a6 33. Bxa6 Rxb2 34. Nc4 Ra2 35. Bb5 Kf7 36. Nd6+ Kf6 37. Ne8+ Kf7 38. Bc4+ Kxe8 39. Bxa2 Bxe7 40. Bd5 Kd8 41. Re6 h5 42. a5 f4 43. Rxe7 Kxe7 44. a6 1-0

[Event "Romania (Women)"]
[Site "Romania"]
[Date "2007.02.27"]
[Round "11"]
[White "Bogdan, Elizaveta"]
[Black "Babei, Angelica"]
[Result "0-1"]
[WhiteElo "1909"]
[BlackElo "1950"]
[PlyCount "98"]
[EventDate "2007.02.17"]
[EventType "tourn"]
[EventRounds "13"]
[EventCountry "ROU"]
[SourceTitle "EXT 2008"]
[Source "ChessBase"]
[SourceDate "2007.11.25"]
[SourceVersion "1"]
[SourceVersionDate "2007.11.25"]
[SourceQuality "1"]

1. Nf3 d5 2. g3 Nf6 3. d3 Nbd7 4. Nbd2 e5 5. Bg2 Bd6 6. 0-0 0-0 7. Nh4 Re8 8. Nf5 Bf8 9. e4 dxe4 10. Nxe4 Nc5 11. Nxf6+ Qxf6 12. Ne3 c6 13. f4 e4 14. d4 Na6 15. f5 Nc7 16. Ng4 Qd8 17. c3 Nd5 18. Qc2 Qe7 19. Bd2 e3 20. Rae1 Qg5 21. Nxe3 Nxe3 22. Qc1 Bxf5 23. Bxe3 Qg6 24. d5 Be4 25. Bxe4 Rxe4 26. dxc6 Qxc6 27. Bd4 Rae8 28. Rxe4 Rxe4 29. Bxa7 b6 30. b4 Qb7 31. Qc2 Re7 32. Bxb6 Qxb6+ 33. Qf2 Qxf2+ 34. Kxf2 Rc7 35. a4 Rxc3 36. b5 Ra3 37. Rb1 Rxa4 38. b6 Rb4 39. Rxb4 Bxb4 40. b7 Bd6 41. Ke3 f5 42. Kd4 Kf7 43. Kd5 Ke7 44. Kc6 g5 45. Kb6 f4 46. gxf4 gxf4 47. Ka7 f3 48. b8Q Bxb8+ 49. Kxb8 f2 0-1

[Event "Romania (Women)"]
[Site "Romania"]
[Date "2007.02.23"]
[Round "7"]
[White "Bogdan, Elizaveta"]
[Black "Vetrila, Sandra"]
[Result "0-1"]
[WhiteElo "1909"]
[BlackElo "2049"]
[PlyCount "58"]
[EventDate "2007.02.17"]
[EventType "tourn"]
[EventRounds "13"]
[EventCountry "ROU"]
[SourceTitle "EXT 2008"]
[Source "ChessBase"]
[SourceDate "2007.11.25"]
[SourceVersion "1"]
[SourceVersionDate "2007.11.25"]
[SourceQuality "1"]

1. Nf3 d5 2. g3 Nf6 3. Bg2 Nbd7 4. d3 e5 5. Nbd2 Bd6 6. 0-0 0-0 7. Re1 c6 8. e4 Qc7 9. Nh4 Re8 10. Nf5 Bf8 11. exd5 cxd5 12. Ne3 Nb6 13. c4 Be6 14. b3 Rad8 15. Bb2 Bb4 16. Nc2 Bxd2 17. Bxe5 Qe7 18. Qxd2 dxc4 19. Bxf6 Qxf6 20. bxc4 Nxc4 21. Qb4 Ne5 22. Qxb7 Nxd3 23. Rf1 Qc3 24. Qc6 Bc4 25. Ne3 Rc8 26. Qd6 Nxf2 27. Nxc4 Rxc4 28. Rac1 Qe3 29. Bd5 Rxc1 0-1

[Event "Romania (Women)"]
[Site "Romania"]
[Date "2007.02.21"]
[Round "5"]
[White "Bulmaga, Irina"]
[Black "Bogdan, Elizaveta"]
[Result "0-1"]
[WhiteElo "2101"]
[BlackElo "1909"]
[PlyCount "106"]
[EventDate "2007.02.17"]
[EventType "tourn"]
[EventRounds "13"]
[EventCountry "ROU"]
[SourceTitle "EXT 2008"]
[Source "ChessBase"]
[SourceDate "2007.11.25"]
[SourceVersion "1"]
[SourceVersionDate "2007.11.25"]
[SourceQuality "1"]

1. e4 e5 2. Nf3 Nc6 3. d4 exd4 4. Nxd4 Bc5 5. Be3 Qf6 6. c3 Nge7 7. g3 a6 8. Bg2 Bb6 9. 0-0 0-0 10. Na3 Ne5 11. f4 N5c6 12. e5 Qg6 13. f5 Nxf5 14. Nxf5 Bxe3+ 15. Nxe3 Nxe5 16. Nd5 Qd6 17. Qh5 c6 18. Rae1 f6 19. Nf4 Qc5+ 20. Kh1 d5 21. h3 Bd7 22. Qd1 Qb6 23. Qc2 Be8 24. c4 g5 25. c5 Qa5 26. Nxd5 cxd5 27. Bxd5+ Bf7 28. Qb3 Qxc5 29. Rxe5 fxe5 30. Bxf7+ Kg7 31. Qxb7 Ra7 32. b4 Qd4 33. Nc2 Rxb7 34. Nxd4 exd4 35. Bc4 Rxf1+ 36. Bxf1 Rxb4 37. Bxa6 Rb1+ 38. Kg2 Rb2+ 39. Kf3 Rxa2 40. Bd3 h6 41. Ke4 Ra4 42. Kf5 Kf7 43. Ke5 Ke7 44. g4 Rb4 45. Bg6 Rb6 46. Bd3 Rd6 47. Ke4 Kd7 48. Bb5+ Kc7 49. Bd3 Kc6 50. Kf5 Kc5 51. Ke5 Rd8 52. Kf6 Kb4 53. Kg6 Rd6+ 0-1